1389 1553 1246 1955 1132 1621 1008 1641 1524 1856 1553 1550 1649 1508 1018 1668 1836 1151 1569 1539 1573 1243 1783 1133 1762 1269 1424 1742 1286 1049 1827 1713 1939 1745 1969 1210 1443 1121 1337 1532 1243 1414 1621 1741 1406 1212 1508 1895 1788 1956 1922 1298 1620 1590 1675 1056 1924 1586 1627 1452 1117 1264 1589 1073 1798 1134 1195 1084 1852 1773 1798 1444 1300 1266 1357 1959 1383 1101 1382 1349 1204 1900 1916 1214 1660 1292 1817 1178 1768 1042 1163 1600 1223 1519 1877 1785 1352 1480 1670 BCNSPRNW ULIB Ver.6.0+V

เปลี่ยนเป็นภาษาไทย

Change to English
 แสดงรายละเอียดบรรณานุกรม
  กลับหน้าหลัก

Brief Record : Get Marc (ISO 2709) : E-mail record : QR code < ปิดหน้าต่าง
LEADER : 00000nam 2200000uu 4500
001    13399121096
003     ULIB
008    020711sมปป. th a 000 0 tha d
020    9749302648
050    K^bภ493ป
100    ภาสกร ญาณสุธี
245    ประมาทหรือเหตุสุดวิสัย/^cภาสกร ญาณสุธี
260    กรุงเทพฯ :^bปณรัชช,^cม.ป.ป.
650    กฎหมาย
945    ^p200^l0^i24353
945    ^p200^l0^i24354
945    ^p200^l0^i24355
999    ^aทศพร เกษรทอง
รายการนี้ยังไม่มีแท็ก
คุณยังไม่ได้ล็อกอิน คุณสามารถมีกิจกรรมร่วมกับเว็บไซต์ได้ แต่ต้องล็อกอินก่อน ::
  ล็อกอิน

รายการสื่อสารสนเทศ

ลำดับที่ ประเภท เลขเรียก/บาร์โค้ด สถานที่ สถานะ
1. วิทยาศาสตร์การแพทย์ และสุขภาพ
วิทยาศาสตร์การแพทย์ และสุขภาพ
K ภ493ป  
  Barcode: 24353
ห้องสมุดวิทยาเขตสวรรค์ประชารักษ์
►หนังสือทั่วไป
บนชั้น
2. วิทยาศาสตร์การแพทย์ และสุขภาพ
วิทยาศาสตร์การแพทย์ และสุขภาพ
K ภ493ป ฉ.2 
  Barcode: 24354
ห้องสมุดวิทยาเขตสวรรค์ประชารักษ์
►หนังสือทั่วไป
บนชั้น
3. วิทยาศาสตร์การแพทย์ และสุขภาพ
วิทยาศาสตร์การแพทย์ และสุขภาพ
K ภ493ป ฉ.3 
  Barcode: 24355
ห้องสมุดวิทยาเขตสวรรค์ประชารักษ์
►หนังสือทั่วไป
บนชั้น

รายการใกล้เคียง
    หัวเรื่อง [กฎหมาย]

BibComment


ยังไม่เคยถูกคอมเมนท์

คอมเมนท์ทรัพยากรรายการนี้
  คอมเมนท์: ประมาทหรือเหตุสุด..


 Copyright 2026. Bcnsprnw @Library